logo

Bir Sreshtho Munshi Abdur Rouf Library
Jhenaidah Cadet College

প্রথম প্রতিশ্রুতি / (Record no. 998)

MARC details
000 -LEADER
fixed length control field 00720nam a2200241 a 4500
001 - CONTROL NUMBER
JCCL Control Number 998
003 - CONTROL NUMBER IDENTIFIER
JCCL marc code BD-JhCC
005 - DATE AND TIME OF LATEST TRANSACTION
control field 20171012131557.0
008 - FIXED-LENGTH DATA ELEMENTS--GENERAL INFORMATION
fixed length control field 171012b1371 ii ||||| |||| 00| 0 ben d
020 ## - INTERNATIONAL STANDARD BOOK NUMBER
International Standard Book Number 8172932065
035 ## - SYSTEM CONTROL NUMBER
system control number (BD-JhCC) 998
040 ## - CATALOGING SOURCE
Original cataloging agency BD-JhCC
Modifying agency BD-JhCC
041 ## - LANGUAGE CODE
Language code of Book ben
082 ## - DEWEY DECIMAL CLASSIFICATION NUMBER
Classification number 891.443
Author mark and Year DAB 1371
100 ## - MAIN ENTRY--PERSONAL NAME
Personal name দেবী, আশাপূর্ণা
245 ## - TITLE STATEMENT
Title প্রথম প্রতিশ্রুতি /
Statement of responsibility, etc আশাপূর্ণা দেবী
260 ## - PUBLICATION, DISTRIBUTION, ETC. (IMPRINT)
Place of publication, distribution, etc কলকাতা :
Name of publisher, distributor, etc মিত্র ও ঘোষ পাবলিশার্স
Date of publication, distribution, etc 1371
300 ## - PHYSICAL DESCRIPTION
Pagination 511 p. :
Dimensions 21 cm
650 ## - SUBJECT ADDED ENTRY--TOPICAL TERM
Topical term or geographic name as entry element Bengali Novel
651 ## - SUBJECT ADDED ENTRY--GEOGRAPHIC NAME
General subdivision Kolkata
942 ## - ADDED ENTRY ELEMENTS (KOHA)
Source of classification or shelving scheme Dewey Decimal Classification
Koha item type Books
Holdings
Source of classification or shelving scheme Damaged status Not for loan Home library Current library Shelving location Date of accession Cost, normal purchase price Total Checkouts Full call number Barcode Date last seen Copy number Koha item type
Dewey Decimal Classification     JCC Rouf Library JCC Rouf Library General Stacks 10/12/2017 300.00   891.443 DAB 1371 1670 10/12/2017 C-1 Books

JCC Library | Contacts | JCC Home

Last Update on 23 September 2017
Copyright @ 2017-2020 JCC Rouf Library
Rouf Library, Jhenidah Cadet College (JCC), Bangladesh